Top 50 most common male names in Poland - 2024 - Statistics

General Stats
  • This quiz has been taken 153 times
  • The average score is 21 of 50
Answer Stats
Rank Name % Correct
1. Piotr
84%
7. Jan
82%
13. Marek
75%
9. Jakub
71%
5. Paweł
71%
11. Łukasz
67%
6. Michał
67%
21. Robert
65%
12. Mateusz
63%
3. Tomasz
59%
10. Adam
57%
44. Daniel
55%
25. Dawid
55%
2. Krzysztof
53%
47. Aleksander
51%
4. Andrzej
51%
15. Stanisław
47%
14. Grzegorz
45%
8. Marcin
45%
24. Szymon
45%
45. Karol
43%
29. Bartosz
41%
42. Filip
41%
48. Henryk
41%
23. Kamil
41%
43. Antoni
39%
50. Mikołaj
39%
16. Wojciech
39%
31. Józef
37%
34. Jarosław
35%
19. Maciej
33%
20. Rafał
33%
32. Ryszard
31%
36. Damian
29%
26. Kacper
27%
17. Mariusz
27%
22. Zbigniew
27%
49. Adrian
25%
27. Jerzy
25%
30. Artur
24%
18. Dariusz
24%
28. Jacek
24%
46. Przemysław
24%
35. Sebastian
24%
39. Janusz
22%
40. Mirosław
22%
38. Patryk
22%
37. Sławomir
22%
41. Roman
20%
33. Tadeusz
16%
No matching quizzes found
Score Distribution
Percent of People with Each Score
Percentile by Number Answered
Your Score History
You have not taken this quiz